Czy Masz Więcej Niż 2 IQ #2 - Statystyki

Ogólne statystyki
  • Ten quiz został rozwiązany 677 razy
  • Średni wynik to 9 z 10
Statystyki odpowiedzi
Pytanie Odpowiedź % Poprawnych
4+4x4 20
98%
Największy Kontynent Azja
96%
Wieża Eiffla jest w jakim mieście Paryż
96%
Kraj z którym Polska ma najdłuższą granicę Czechy
93%
Nazwa województwa w którym jest Opole Opolskie
91%
Imię obecnego papieża Franciszek
90%
Kraj z którym Polska ma najkrótszą granicę Litwa
90%
Najmniejszy kraj na świecie Watykan
89%
Napisz Samo lot Lot
85%
Największy kanał na polskim YT (16.06.2020) Blowek
73%
Nie znaleziono quizów pasujących do podanych kryteriów
Rozkład punktacji
Procent ludzi z każdym wynikiem
Percentyl według liczby udzielonych odpowiedzi
Twoja historia wyników
Nie rozwiązałeś tego quizu